Pelota al cesto : Explicación de las leyes de juego /

Bibliographic Details
Main Author: Closas, Sara Amelia
Format: Libro
Language:Spanish
Published: Buenos Aires Stadium 1981
Subjects:

MARC

LEADER 00000cam a2200000 a 4500
001 020439
003 UAHC_CL
005 20170803121859.0
008 060623b1981 ag 000 spa
040 |a UAHC_CL  |c UAHC_CL  |d UAHC_CL 
100 1 |a Closas, Sara Amelia 
245 1 0 |a Pelota al cesto :  |b Explicación de las leyes de juego /  |c Sara A. Closas. 
260 |b Stadium  |c 1981  |a Buenos Aires 
300 |a 122 p. 
650 4 |a BASQUETBOL  |x ENSEÑANZA 
653 |a PEDAGOGIA EN EDUCACION BASICA 
900 |a 796.323 CLO 
942 |c BK 
952 |0 0  |1 0  |4 0  |6 796_323000000000000_CLO  |7 0  |8 General  |9 41012  |a BC  |b BC  |c General  |d 2017-08-03  |l 0  |o 796.323 CLO  |p 1353965  |r 2026-01-13 00:00:00  |t 1  |w 2017-08-03  |y BK 
999 |c 20439  |d 20439